| 000 | 00356 a2200157 4500 | ||
|---|---|---|---|
| 001 | 150595 | ||
| 040 | _cEscola São Tomás de Aquino | ||
| 100 | _aJOSÉ, Elias | ||
| 240 | 1 | 0 |
_aVaidade no terreiro _lpor |
| 245 | 1 | 0 | _aVaidade no terreiro |
| 300 | _a31 | ||
| 362 | 0 | _a1997 | |
| 440 | 1 | _aFTD | |
| 697 | _aValores, princípios / Filosofia | ||
| 942 | _cBK | ||
| 999 |
_c150595 _d150595 |
||